407 Islands on the World Map - Statistics

General Stats
  • This quiz has been taken 34,650 times
    34,517 since last reset
  • The average score is 72 of 407
Answers on the Map
Answers color-coded by a green-red scale on the quiz's map according to % correct below.
 
Answer Stats
Area C Island % Correct
2,130,800 🇬🇱 Greenland
95%
209,331 🇬🇧 Great Britain
93%
101,826 🇮🇸 Iceland
93%
84,421 🇮🇪 🇬🇧 Ireland
93%
587,041 🇲🇬 Madagascar
92%
105,806 🇨🇺 Cuba
91%
65,268 🇱🇰 Sri Lanka
86%
11,190 🇯🇲 Jamaica
82%
25,662 🇮🇹 Sicily
81%
65,022 🇦🇺 Tasmania
81%
9,234 🇨🇾 Cyprus
80%
35,883 🇹🇼 Taiwan
79%
138,794 🇮🇩 Java
77%
111,583 🇳🇿 North
77%
145,836 🇳🇿 South
77%
748,168 🇮🇩 🇲🇾 🇧🇳 Borneo
75%
73,929 🇩🇴 🇭🇹 Hispaniola
74%
23,949 🇮🇹 Sardinia
74%
8,741 🇫🇷 Corsica
73%
785,753 🇮🇩 🇵🇬 New Guinea
72%
5,009 🇹🇹 Trinidad
72%
8,350 🇬🇷 Crete
71%
78,719 🇯🇵 Hokkaido
70%
572 🇮🇲 Isle of Man
70%
225,800 🇯🇵 Honshu
69%
108,860 🇨🇦 Newfoundland
69%
174 🇰🇳 Saint Kitts
68%
622 🇱🇨 Saint Lucia
66%
345 🇻🇨 Saint Vincent
66%
443,066 🇮🇩 Sumatra
66%
279 🇦🇬 Antigua
63%
431 🇧🇧 Barbados
63%
306 🇬🇩 Grenada
62%
9,100 🇵🇷 Puerto Rico
61%
507,451 🇨🇦 Baffin
60%
845 🇸🇹 Sao Tome
60%
300 🇹🇹 Tobago
60%
750 🇩🇲 Dominica
58%
246 🇲🇹 Malta
58%
118 🇯🇪 Jersey
57%
1,860 🇲🇺 Mauritius
57%
109,965 🇵🇭 Luzon
56%
3,667 🇪🇸 Mallorca
56%
10,434 🇺🇸 Hawaiʻi
54%
65 🇬🇬 Guernsey
52%
5,416 🇮🇩 Bali
51%
160 🇦🇬 Barbuda
51%
5,620 🇨🇦 Prince Edward
51%
31,285 🇨🇦 Vancouver
51%
40 🇧🇲 Main (Bermuda)
50%
78 🇭🇰 Hong Kong
49%
3,630 🇺🇸 Long
49%
180,681 🇮🇩 Sulawesi
49%
28,418 🇮🇩 🇹🇱 Timor
49%
21 🇳🇷 Nauru
48%
33,210 🇨🇳 Hainan
47%
93 🇰🇳 Nevis
46%
180 🇦🇼 Aruba
45%
217,291 🇨🇦 Victoria
45%
1,400 🇬🇷 Rhodes
44%
163 🇨🇱 Easter
43%
136 🇸🇹 Príncipe
43%
720 🇸🇬 Ujong
43%
87 🇺🇸 Manhattan
42%
1,545 🇺🇸 Oahu
42%
72,493 🇷🇺 Sakhalin
42%
37,437 🇯🇵 Kyushu
41%
135 🇨🇽 Christmas
40%
444 🇨🇼 Curacao
40%
7,031 🇩🇰 Zealand
39%
1,206 🇯🇵 Okinawa
38%
196,236 🇨🇦 Ellesmere
37%
47,401 🇦🇷 🇨🇱 Tierra del Fuego
37%
604 🇧🇭 Bahrain
36%
1,167 🇫🇷 Martinique
36%
97,530 🇵🇭 Mindanao
36%
2,535 🇫🇷 Réunion
36%
1,633 🇬🇷 Lesbos
35%
121 🇸🇭 Saint Helena
35%
87 🇲🇫 🇸🇽 Saint Martin
35%
2,034 🇪🇸 Tenerife
35%
544 🇬🇺 Guam
33%
16,648 🇳🇨 New Caledonia
33%
1,560 🇪🇸 Gran Canaria
32%
970 🇬🇧 Mainland (Shetland)
32%
18,545 🇯🇵 Shikoku
31%
1,883 🇺🇸 Maui
30%
2,994 🇸🇪 Gotland
29%
741 🇵🇹 Madeira
29%
152 🇺🇸 Staten
29%
1,044 🇵🇫 Tahiti
29%
6 🇨🇨 West
28%
294 🇧🇶 Bonaire
27%
685 🇦🇽 Fasta Åland
26%
5 🇲🇻 Malé
26%
4,467 🇵🇭 Cebu
25%
3,607 🇾🇪 Socotra
25%
26 🇵🇲 Saint Pierre
24%
1,826 🇰🇷 Jeju
23%
102 🇲🇸 Montserrat
23%
1,666 🇹🇿 Zanzibar
22%
70,028 🇨🇦 Banks
21%
1,656 🇬🇧 Skye
21%
3,718 🇬🇸 South Georgia
21%
38,981 🇸🇯 Spitsbergen
21%
91 🇦🇮 Anguilla
20%
4 🇵🇳 Pitcairn
20%
98 🇹🇦 Tristan da Cunha
20%
14,154 🇮🇩 Flores
18%
23 🇨🇷 Cocos
17%
1,446 🇺🇸 Kauai
17%
845 🇪🇸 Lanzarote
17%
2,086 🇬🇧 Lewis and Harris
17%
35,145 🇵🇬 New Britain
17%
261 🇳🇺 Niue
17%
4,685 🇩🇰 North Jutlandic
17%
12,189 🇵🇭 Palawan
17%
25 🇧🇱 Saint Barthélemy
17%
9,318 🇵🇬 Bougainville
16%
7,040 🇫🇰 East Falkland
16%
1,373 🇧🇸 Grand Bahama
16%
406 🇭🇷 Krk
16%
34 🇳🇫 Norfolk
16%
4,531 🇫🇰 West Falkland
16%
88 🇦🇨 Ascension
15%
3,707 🇬🇷 Euboea
15%
1,660 🇪🇸 Fuerteventura
15%
377 🇸🇯 Jan Mayen
15%
215 🇵🇲 Miquelon
15%
13,075 🇵🇭 Negros
15%
196 🇰🇾 Grand Cayman
14%
9,310 🇺🇸 Kodiak
14%
5,048 🇨🇦 Mackenzie King
14%
588 🇩🇰 Bornholm
13%
55,247 🇨🇦 Devon
13%
4,514 🇮🇩 Lombok
13%
7,405 🇵🇬 New Ireland
13%
800 🇹🇭 Phuket
13%
10,311 🇨🇦 Cape Breton
12%
47,079 🇷🇺 Severny
12%
2,985 🇩🇰 Funen
11%
499 🇨🇦 Montreal
11%
1,347 🇸🇪 Öland
11%
2,673 🇪🇪 Saaremaa
11%
13 🇧🇶 Saba
11%
96 🇼🇫 Wallis
11%
7,941 🇨🇦 Anticosti
10%
5,353 🇸🇧 Guadalcanal
10%
708 🇪🇸 La Palma
10%
33,339 🇨🇦 Prince of Wales
10%
6,675 🇺🇸 Prince of Wales
10%
41,214 🇨🇦 Southampton
10%
10,711 🇮🇩 Sumba
10%
43,178 🇨🇦 Axel Heiberg
9%
842 🇬🇷 Chios
9%
83 🇼🇫 Futuna
9%
6,617 🇹🇫 Kerguelen
9%
7,368 🇵🇭 Leyte
9%
40,100 🇧🇷 Marajó
9%
1,020 🇻🇪 Margarita
9%
42,149 🇨🇦 Melville
9%
5,765 🇦🇺 Melville
9%
10,572 🇵🇭 Mindoro
9%
673 🇺🇸 Molokai
9%
14,204 🇷🇺 October Revolution
9%
12,011 🇵🇭 Panay
9%
9,521 🇨🇦 Prince Charles
9%
2,460 🇦🇶 Ross
9%
926 🇩🇪 Rügen
9%
212 🇻🇮 Saint Croix
9%
21 🇧🇶 Sint Eustatius
9%
24,786 🇨🇦 Somerset
9%
10,531 🇫🇯 Viti Levu
9%
33,246 🇷🇺 Yuzhny
9%
11,413 🇮🇩 Bangka
8%
49 🇧🇻 Bouvet
8%
647 🇲🇽 Cozumel
8%
30 🇩🇬 Diego Garcia
8%
510 🇹🇳 Djerba
8%
18,040 🇮🇩 Halmahera
8%
4,374 🇦🇺 Kangaroo
8%
13,111 🇨🇦 King William
8%
875 🇬🇧 Mull
8%
12,849 🇵🇭 Samar
8%
17,454 🇮🇩 Seram
8%
14,386 🇮🇩 Sumbawa
8%
7,866 🇷🇺 Wrangel
8%
155 🇨🇳 Xiamen
8%
49,070 🇦🇶 Alexander
7%
16,042 🇨🇦 Bathurst
7%
2,017 🇬🇶 Bioko
7%
11,206 🇷🇺 Bolshevik
7%
6,995 🇨🇦 Cornwallis
7%
1,025 🇰🇲 Grande Comore
7%
4,640 🇪🇨 Isabela
7%
1,243 🇩🇰 Lolland
7%
290 🇿🇦 Marion
7%
1 🇭🇲 McDonald
7%
15,848 🇨🇦 Prince Patrick
7%
5,135 🇺🇸 Saint Lawrence
7%
180 🇲🇵 Saipan
7%
986 🇪🇨 Santa Cruz
7%
250 🇺🇸 Santa Cruz
7%
991 🇨🇻 Santiago
7%
585 🇪🇨 Santiago
7%
848 🇬🇵 Basse-Terre
6%
4,117 🇵🇭 Bohol
6%
8,473 🇮🇩 Buru
6%
11,067 🇨🇦 Bylot
6%
8,478 🇨🇱 Chiloé
6%
6 🇨🇵 Clipperton
6%
5,498 🇨🇦 Coats
6%
406 🇭🇷 Cres
6%
11,295 🇨🇦 Ellef Ringnes
6%
368 🇭🇲 Heard
6%
989 🇪🇪 Hiiumaa
6%
2,237 🇨🇺 Juventud
6%
9 🇲🇭 Majuro
6%
2,766 🇨🇦 Manitoulin
6%
14,467 🇸🇯 Nordaustlandet
6%
2,781 🇮🇳 North Andaman
6%
3,439 🇧🇸 North Andros
6%
8,612 🇬🇱 Qeqertarsuaq
6%
5,587 🇫🇯 Vanua Levu
6%
13 🇺🇲 Wake
6%
5,255 🇨🇦 Amund Ringnes
5%
20,000 🇧🇷 Bananal
5%
1,288 🇸🇯 Barents
5%
5,073 🇸🇯 Edge
5%
6,361 🇨🇦 Graham
5%
17 🇹🇨 Grand Turk
5%
1,146 🇧🇸 Great Abaco
5%
8,812 🇷🇺 Komsomolets
5%
4,078 🇮🇩 Madura
5%
156 🇸🇨 Mahe
5%
3,190 🇸🇧 Makira
5%
2,100 🇵🇬 Manus
5%
3,268 🇵🇭 Masbate
5%
4,048 🇮🇩 Nias
5%
40 🇵🇫 Rapa
5%
619 🇮🇳 Salsette
5%
1,410 🇧🇷 São Luís
5%
754 🇵🇹 São Miguel
5%
1,211 🇮🇳 South Andaman
5%
1,448 🇧🇸 South Andros
5%
1,815 🇳🇿 Stewart/Rakiura
5%
2,720 🇺🇸 Unalaska
5%
5,556 🇨🇱 Wellington
5%
148 🇮🇪 Achill
4%
4,663 🇦🇶 Adelaide
4%
803 🇮🇩 Ambon
4%
10 🇹🇫 Amsterdam
4%
442 🇳🇿 Auckland
4%
715 🇮🇩 Batam
4%
43,873 🇦🇶 Berkner
4%
631 🇨🇻 Boa Vista
4%
4,408 🇮🇩 Buton
4%
920 🇳🇿 Chatham
4%
3,956 🇻🇺 Espiritu Santo
4%
18 🇧🇷 Fernando de Noronha
4%
1,840 🇦🇺 Fraser
4%
1,544 🇧🇸 Great Inagua
4%
2,326 🇦🇺 Groote Eylandt
4%
2 🇺🇲 Johnston
4%
145 🇹🇼 Kinmen
4%
24,000 🇷🇺 Kotelny
4%
14 🇦🇺 Lord Howe
4%
3,836 🇸🇧 Malaita
4%
1,536 🇮🇳 Middle Andaman
4%
6,201 🇷🇺 New Siberia
4%
988 🇹🇿 Pemba
4%
293 🇲🇾 Penang
4%
447 🇵🇹 Pico
4%
1,491 🇮🇷 Qeshm
4%
155 🇭🇳 Roatan
4%
108 🇲🇺 Rodrigues
4%
7,910 🇦🇶 Roosevelt
4%
558 🇪🇨 San Cristobal
4%
424 🇧🇷 Santa Catarina
4%
3,665 🇸🇧 Santa Isabel
4%
1,590 🇳🇴 Senja
4%
11,742 🇮🇩 Yos Sudarso
4%
424 🇰🇲 Anjouan
3%
17 🇬🇶 Annobón
3%
2,432 🇦🇶 Anvers
3%
1,899 🇮🇩 Bacan
3%
1,327 🇵🇭 Basilan
3%
1,441 🇧🇩 Bhola
3%
8,500 🇦🇶 Carney
3%
5,388 🇺🇸 Chichagof
3%
2,971 🇸🇧 Choiseul
3%
1,229 🇨🇳 Chongming
3%
476 🇨🇻 Fogo
3%
279 🇹🇷 Gökçeada
3%
700 🇭🇹 Gonâve
3%
91 🇹🇦 Gough
3%
368 🇾🇹 Grand-Terre
3%
921 🇮🇳 Great Nicobar
3%
37 🇵🇳 Henderson
3%
2,198 🇳🇴 Hinnøya
3%
4,864 🇧🇷 Ilha Grande de Gurupá
3%
12 🇹🇦 Inaccessible
3%
869 🇵🇭 Jolo
3%
388 🇰🇮 Kiritimati
3%
707 🇮🇳 Little Andaman
3%
128 🇦🇺 Macquarie
3%
435 🇹🇿 Mafia
3%
2,041 🇻🇺 Malakula
3%
144 🇹🇨 Middle Caicos
3%
134 🇵🇫 Moorea
3%
2,037 🇸🇧 New Georgia
3%
11 🇺🇲 Palmyra
3%
334 🇫🇲 Pohnpei
3%
67 🇨🇰 Rarotonga
3%
5,110 🇨🇱 Riesco
3%
762 🇧🇩 Sandwip
3%
3,688 🇨🇱 Santa Inés
3%
779 🇨🇻 Santo Antao
3%
1,694 🇼🇸 Savai'i
3%
6,390 🇦🇶 Siple
3%
148 🇦🇶 Smith
3%
373 🇫🇴 Streymoy
3%
400 🇵🇹 Terceira
3%
15,700 🇦🇶 Thurston
3%
56 🇻🇬 Tortola
3%
3,452 🇬🇱 Traill
3%
7,700 🇧🇷 Tupinambarana
3%
1,793 🇺🇸 Umnak
3%
4,069 🇺🇸 Unimak
3%
1,125 🇼🇸 Upolu
3%
135 🇵🇷 Vieques
3%
265 🇫🇰 Weddell
3%
2,437 🇬🇱 Ymer
3%
502 🇨🇳 Zhoushan
3%
1 🇲🇺 Albatross
2%
155 🇸🇨 Aldabra
2%
677 🇻🇺 Ambrym
2%
931 🇲🇽 Ángel de la Guarda
2%
20 🇳🇿 Antipodes
2%
105 🇹🇱 Atauro
2%
119 🇷🇺 Atlasov
2%
370 🇵🇼 Babeldaob
2%
441 🇲🇾 Banggi
2%
0 🇧🇷 Belmonte
2%
976 🇦🇶 Brabant
2%
863 🇰🇼 Bubiyan
2%
5,000 🇧🇷 Caviana
2%
777 🇨🇺 Cayo Romano
2%
523 🇲🇲 Cheduba
2%
494 🇵🇦 Coiba
2%
899 🇻🇺 Efate
2%
891 🇻🇺 Erromango
2%
395 🇸🇦 Farasan
2%
1,437 🇵🇬 Fergusson
2%
642 🇪🇨 Fernandina
2%
1,717 🇬🇱 Geographical Society
2%
687 🇵🇬 Goodenough
2%
5,157 🇷🇺 Great Lyakhovsky
2%
318 🇵🇫 Hiva Oa
2%
4,117 🇨🇱 Hoste
2%
534 🇦🇷 Isla de los Estados
2%
111 🇫🇲 Kosrae
2%
737 🇳🇴 Kvaløya
2%
682 🇸🇯 Kvitøya
2%
850 🇳🇴 Langøya
2%
1,146 🇳🇨 Lifou
2%
65 🇺🇸 Mactan
2%
39 🇰🇮 Malden
2%
15 🇵🇫 Mangareva
2%
126 🇱🇰 Mannar
2%
658 🇴🇲 Masirah
2%
3,913 🇬🇱 Milne Land
2%
2 🇯🇵 Minami-Tori-Shima
2%
110 🇬🇸 Montagu
2%
320 🇲🇬 Nosy Be
2%
345 🇵🇫 Nuku Hiva
2%
272 🇬🇼 Orango
2%
3 🇨🇰 Palmerston
2%
546 🇻🇳 Phu Quoc
2%
855 🇪🇨 Puná
2%
1,350 🇲🇲 Ramree
2%
660 🇸🇧 Rennell
2%
0 🇨🇱 Sala y Gomez
2%
117 🇩🇴 Saona
2%
452 🇲🇾 🇮🇩 Sebatik
2%
42 🇪🇬 Shadwan
2%
600 🇸🇱 Sherbro
2%
465 🇵🇭 Sibuyan
2%
811 🇳🇴 Sørøya
2%
16 🇰🇮 Starbuck
2%
1,201 🇲🇽 Tiburón
2%
150 🇲🇷 Tidra
2%
256 🇹🇴 Tongatapu
2%
540 🇬🇱 Upernivik
2%
306 🇦🇪 Abu al Abyad
1%
530 🇲🇾 Bruit
1%
755 🇪🇷 Dahlak Kebir
1%
340 🇲🇿 Inhacamba
1%
450 🇲🇲 Kadan Kyun
1%
411 🇫🇯 Kadavu
1%
846 🇮🇩 Karakelong
1%
505 🇸🇧 Nendo
1%
5 🇹🇰 Nukunonu
1%
29 🇳🇿 Raoul
1%
480 🇸🇧 South Malaita
1%
434 🇫🇯 Taveuni
1%
142 🇦🇸 Tutuila
1%
No matching quizzes found
Score Distribution
Percent of People with Each Score
Percentile by Number Answered
Your Score History
You have not taken this quiz since the last reset